Music in the Renaissance.

Bibliographic Details
Main Author: Reese, Gustave, 1899-1977
Format: Book
Language:English
Published: New York : Norton, [1954]
Edition:[1st ed.].
Subjects:

MARC

Tag First Indicator Second Indicator Subfields
LEADER 00000cam a2200000 4500
001 in00000027499
005 20151007061354.0
008 740114s1954 nyufgh b 00000 eng u
010 |a  54010623  
035 |a (OCoLC)00774887 
035 |9 AAD1908AM 
040 |c MSC  |d TXA  |d UtOrBLW 
049 |a TXAM  |c [234679] 
050 0 |a ML172  |b .R42 
092 |a 780.94  |b R329m 
100 1 |a Reese, Gustave,  |d 1899-1977. 
245 1 0 |a Music in the Renaissance. 
250 |a [1st ed.]. 
264 1 |a New York :  |b Norton,  |c [1954] 
300 |a xvii, 1022 pages :  |b music, 8 plates (including facisms.) ;  |c 24 cm. 
336 |a text  |b txt  |2 rdacontent 
337 |a unmediated  |b n  |2 rdamedia 
338 |a volume  |b nc  |2 rdacarrier 
504 |a Includes bibliography (pages 884-946) and index. 
536 |a From the Howard Mayer Brown, Edward Downes and Mary Schieffelin Book Collections, October 2004. 
650 0 |a Music  |y 500-1400. 
650 0 |a Music  |y 16th century. 
999 |a MARS 
999 f f |s d189d1d9-49b0-3285-b66c-5b9f5b38a289  |i 6203c791-aae9-35e2-8226-70b669cd3862  |t 0 
952 f f |p storage  |a Texas A&M University  |b J.J. Pickle Campus  |c High Density Repository  |d Remote Storage  |t 0  |e ML172 .R42  |h Library of Congress classification  |i unmediated -- volume  |m A14831721709 
952 f f |p ric  |a Texas A&M University  |b Rellis Campus  |c Joint Library Facility  |d Remote Storage  |t 0  |e ML172 .R42  |h Library of Congress classification  |i unmediated -- volume  |m A14831726440 
998 f f |a ML172 .R42  |t 0  |l Remote Storage 
998 f f |a ML172 .R42  |t 0  |l Remote Storage